| 000 | 00582nam a2200169 4500 | ||
|---|---|---|---|
| 001 | 116856 | ||
| 003 | ES-MaACL | ||
| 007 | t| | ||
| 008 | 061121s1984 sp r ||||1| spa d | ||
| 100 | 1 |
_aPavis, Patrice. _989683 |
|
| 245 | 1 | 0 |
_aDiccionario del teatro _b: dramaturgia, estética, semiología / _cPatrice Pavis ; [traducción de Fernando de Toro ; supervisión de Kim Vilar]. |
| 260 |
_aBarcelona [etc.] : _bPaidos, _c1984. |
||
| 300 |
_aXXXI, 605 p. ; _c23 cm. |
||
| 700 | 1 |
_aToro, Fernando de. _9110679 |
|
| 700 | 1 |
_aVilar, Kim. _9114798 |
|
| 852 |
_aES-MaACL _jL-8538 _bR.109267 |
||
| 999 |
_c116856 _d116856 |
||